000 00316nam a22001337a 4500
999 _c12124
_d12124
020 _a0-19-806542-6
082 _a530.02
100 _aD.K.Bhattacharya
245 _aEngineering Physics
260 _aNew York
_bOxford University Press
_c2015
300 _a373
650 _aElectrical Engineering
942 _cBK